| 000 | 00789cas a22002055a 4500 | ||
|---|---|---|---|
| 001 | L137192 | ||
| 008 | 070321c2006 xxkur w ss 0 a0eng u | ||
| 035 | _a(Sirsi) u137192 | ||
| 041 | 0 | _aeng | |
| 110 | 2 |
_aCB Richard Ellis _93675 |
|
| 245 | 0 | 0 |
_aUK retail briefing market view _h[electronic resource] |
| 260 |
_aLondon _bCBRE _c2006 |
||
| 362 | 0 | _a2006- | |
| 490 | 0 |
_aUK Retail Briefing Market View _v2006 |
|
| 520 | _aReports on economic overview, supply and demand, scheme supply, investment transactions and retail property performance. | ||
| 651 | 4 |
_aUnited Kingdom _y |
|
| 690 | _aPROPERTY-COMMERCIAL PROPERTY-COMMERCIAL PROPERTY MARKET | ||
| 856 | 4 | 0 |
_uhttps://portal.cbre.eu/propertyinfomap/uk/index.html _zView the item free of charge at http://portal.cbre.eu... |
| 942 | _n0 | ||
| 999 |
_c118890 _d118890 |
||